00268cam a22000977a 4500008004000000082002100040100001800061245005600079260002700135300000800162180718b1959 xxu||||| |||| 00| 0 eng d aW03x54 In2/1959b aSinha, Jhulan aTransport co-ordination bill, 1959cby Jhulan Sinha aDelhibLok Sabhac1959 a4p.